Champions du monde F1 - Mort Subite - Statistiques

Statistiques générales
  • Ce quiz a été pris 613 fois
  • Le résultat moyen est 20 sur 35
Answers on the Grid
Answers color-coded by a green-red scale on the quiz's grid according to % correct below.
Giuseppe Farina
Juan Manuel Fangio
Alberto Ascari
Mike Hawthorn
Jack Brabham
Phil Hill
Graham Hill
Damon Hill
Ayrton Senna
Sebastian Vettel
Jenson Button
Lando Norris
Max Verstappen
Alain Prost
Nigel Mansell
Jacques Villeneuve
Michael Schumacher
Lewis Hamilton
Nico Rosberg
Jochen Rindt
Niki Lauda
Mario Andretti
Keke Rosberg
Mika Hakkinen
Jim Clark
James Hunt
John Surtees
Denny Hulme
Jackie Stewart
Emerson Fittipaldi
Jody Scheckter
Nelson Piquet
Alan Jones
Kimi Raïkkonen
Fernando Alonso
Oscar Piastri
Felipe Massa
Mark Webber
Carlos Sainz
Ralf Schumacher
Rubens Barrichello
Juan Pablo Montoya
Stirling Moss
Pierre Gasly
René Arnoux
Jacky Ickx
David Coulthard
Adrian Sutil
 
Statistiques - réponses
Réponse % Correct
Max Verstappen
74%
Sebastian Vettel
74%
Lewis Hamilton
73%
Michael Schumacher
73%
Ayrton Senna
71%
Kimi Raïkkonen
71%
Fernando Alonso
70%
Alain Prost
69%
Nico Rosberg
68%
Lando Norris
66%
Niki Lauda
65%
Jacques Villeneuve
61%
Jenson Button
59%
Juan Manuel Fangio
59%
Nelson Piquet
59%
Keke Rosberg
58%
Mika Hakkinen
57%
Damon Hill
55%
Nigel Mansell
54%
Graham Hill
53%
James Hunt
53%
Jackie Stewart
52%
Alberto Ascari
51%
Emerson Fittipaldi
49%
Jim Clark
47%
Jack Brabham
46%
Giuseppe Farina
45%
Mario Andretti
45%
Phil Hill
45%
Alan Jones
42%
Jody Scheckter
42%
John Surtees
38%
Jochen Rindt
36%
Mike Hawthorn
36%
Denny Hulme
33%
Aucun quiz correspondant
Distribution des résultats
% des personnes avec chaque résultat
Percentile par nombre de réponses
Votre historique - résultats
Vous n’avez pas pris ce quiz